000 00594nam a2200229Ia 4500
003 OSt
005 20220926040831.0
006 a|||||r|||| 00| 0
007 ta
008 220923b |||||||| |||| 00| 0 eng d
037 _cGeneral Book
040 _aRTL
_cRTL
_beng
041 _2eng
_aeng
082 _aX61:7.73.N3, G4
100 _aFisher Irving
_9123973
245 0 _aInflation?
260 _c1934
650 _aValue
700 _a Fisher Herbert. W
_9344183
942 _hX61:7.73.N3, G4
_cGB
_2CC
999 _c665769
_d665769